Software engineering : (Record no. 194667)
[ view plain ]
| 000 -LEADER | |
|---|---|
| fixed length control field | 00685nam a2200217Ia 4500 |
| 005 - DATE AND TIME OF LATEST TRANSACTION | |
| control field | 20221130111942.0 |
| 008 - FIXED-LENGTH DATA ELEMENTS--GENERAL INFORMATION | |
| fixed length control field | 210716s2000 xx 000 0 und d |
| 020 ## - INTERNATIONAL STANDARD BOOK NUMBER | |
| International Standard Book Number | 9788126527373 |
| 040 ## - CATALOGING SOURCE | |
| Transcribing agency | AIMIT LIBRARY |
| 041 ## - LANGUAGE CODE | |
| Language code of text/sound track or separate title | eng |
| 082 ## - DEWEY DECIMAL CLASSIFICATION NUMBER | |
| Classification number | 005.368 |
| Edition number | 3 |
| Item number | VLIH |
| 100 ## - MAIN ENTRY--PERSONAL NAME | |
| Personal name | Vliet, Hans Van. |
| 9 (RLIN) | 64320 |
| 245 ## - TITLE STATEMENT | |
| Title | Software engineering : |
| Remainder of title | principles and practice / |
| Statement of responsibility, etc. | By Vliet, Hans Van. |
| 250 ## - EDITION STATEMENT | |
| Edition statement | 3rd ed. |
| 260 ## - PUBLICATION, DISTRIBUTION, ETC. | |
| Place of publication, distribution, etc. | New York : |
| Name of publisher, distributor, etc. | John Wiley and Sons , |
| Date of publication, distribution, etc. | 2000. |
| 300 ## - PHYSICAL DESCRIPTION | |
| Extent | xxvi,713 p,; |
| Other physical details | PB |
| Dimensions | 24 cm. |
| 650 ## - SUBJECT ADDED ENTRY--TOPICAL TERM | |
| Topical term or geographic name entry element | Software life cycle revisited |
| 9 (RLIN) | 64321 |
| 650 ## - SUBJECT ADDED ENTRY--TOPICAL TERM | |
| Topical term or geographic name entry element | Configuration management |
| 9 (RLIN) | 64322 |
| 650 ## - SUBJECT ADDED ENTRY--TOPICAL TERM | |
| Topical term or geographic name entry element | Cost estimation |
| 9 (RLIN) | 64323 |
| 942 ## - ADDED ENTRY ELEMENTS (KOHA) | |
| Source of classification or shelving scheme | Dewey Decimal Classification |
| Koha item type | Book |
| Edition | 3rd |
| Call number prefix | 005.368 VLIH |
| Withdrawn status | Lost status | Source of classification or shelving scheme | Damaged status | Not for loan | Collection code | Home library | Current library | Source of acquisition | Cost, normal purchase price | Inventory number | Total Checkouts | Full call number | Barcode | Date last seen | Cost, replacement price | Price effective from | Koha item type |
|---|---|---|---|---|---|---|---|---|---|---|---|---|---|---|---|---|---|
| Dewey Decimal Classification | MCA | St Aloysius Institute of Management & Information Technology | St Aloysius Institute of Management & Information Technology | Knowledge World | 649.00 | Bill no:445; Bill dt:2015-03-20 | 005.368 VLIH | MCA14175 | 05/23/2026 | 486.75 | 07/16/2021 | Book | |||||
| Dewey Decimal Classification | MCA | St Aloysius Institute of Management & Information Technology | St Aloysius Institute of Management & Information Technology | Knowledge World | 500.00 | Bill no:501; Bill dt:2018-03-05 | 005.368 VLIH | MCA15560 | 05/23/2026 | 390.00 | 07/16/2021 | Book |